[Event "European Chess Club Cup 2023"]
[Site "Durres, Albania"]
[Date "2023.10.02"]
[Round "2.28"]
[White "Fedorchuk, Sergey A."]
[Black "Glek, Igor"]
[Result "1-0"]
[TimeControl "90' + 30' & 30\""]
[WhiteElo "2564"]
[BlackElo "2429"]

1. e4 {[%clk 01:30:56]} {[%emt 00:00:03]} e6 {[%clk 01:30:50]} {[%emt
00:00:11]} 2. d4 {[%clk 01:30:57]} {[%emt 00:00:28]} d5 {[%clk 01:31:18]}
{[%emt 00:00:02]} 3. Nd2 {[%clk 01:30:18]} {[%emt 00:01:09]} c5 {[%clk
01:31:32]} {[%emt 00:00:16]} 4. Ngf3 {[%clk 01:29:56]} {[%emt 00:00:52]} cxd4
{[%clk 01:31:54]} {[%emt 00:00:09]} 5. Nxd4 {[%clk 01:30:17]} {[%emt 00:00:08]}
Nc6 {[%clk 01:31:41]} {[%emt 00:00:44]} 6. Bb5 {[%clk 01:29:06]} {[%emt
00:01:41]} Bd7 {[%clk 01:32:05]} {[%emt 00:00:05]} 7. Nxc6 {[%clk 01:28:49]}
{[%emt 00:00:47]} Bxc6 {[%clk 01:31:01]} {[%emt 00:01:35]} 8. Bxc6+ {[%clk
01:27:40]} {[%emt 00:01:39]} bxc6 {[%clk 01:27:53]} {[%emt 00:03:38]} 9. c4
{[%clk 01:27:35]} {[%emt 00:00:34]} Nf6 {[%clk 01:28:11]} {[%emt 00:00:12]} 10.
Qa4 {[%clk 01:24:01]} {[%emt 00:04:04]} Qc7 {[%clk 01:28:26]} {[%emt 00:00:16]}
11. exd5 {[%clk 01:12:21]} {[%emt 00:12:10]} exd5 {[%clk 01:28:32]} {[%emt
00:00:24]} 12. O-O {[%clk 01:11:31]} {[%emt 00:01:20]} Be7 {[%clk 01:28:33]}
{[%emt 00:00:29]} 13. cxd5 {[%clk 01:11:04]} {[%emt 00:00:57]} Nxd5 {[%clk
01:28:51]} {[%emt 00:00:12]} 14. Nc4 {[%clk 01:06:32]} {[%emt 00:05:01]} O-O
{[%clk 01:27:02]} {[%emt 00:02:20]} 15. Bd2 {[%clk 01:06:53]} {[%emt 00:00:08]}
Nb6 {[%clk 01:15:57]} {[%emt 00:11:35]} 16. Qc2 {[%clk 01:04:11]} {[%emt
00:03:12]} Nxc4 {[%clk 01:14:28]} {[%emt 00:02:00]} 17. Qxc4 {[%clk 01:04:36]}
{[%emt 00:00:04]} Bf6 {[%clk 01:14:51]} {[%emt 00:00:07]} 18. Rab1 {[%clk
01:04:35]} {[%emt 00:00:31]} Rfe8 {[%clk 01:12:21]} {[%emt 00:03:01]} 19. b3
{[%clk 00:56:29]} {[%emt 00:08:36]} Re6 {[%clk 01:10:09]} {[%emt 00:02:41]} 20.
Rfe1 {[%clk 00:53:36]} {[%emt 00:03:23]} Rae8 {[%clk 01:10:07]} {[%emt
00:00:32]} 21. Rxe6 {[%clk 00:53:56]} {[%emt 00:00:10]} Rxe6 {[%clk 01:10:31]}
{[%emt 00:00:07]} 22. Be3 {[%clk 00:54:04]} {[%emt 00:00:22]} Qb7 {[%clk
00:56:32]} {[%emt 00:14:28]} 23. Rd1 {[%clk 00:49:57]} {[%emt 00:04:38]} h6
{[%clk 00:56:54]} {[%emt 00:00:09]} 24. h3 {[%clk 00:43:45]} {[%emt 00:06:41]}
a6 {[%clk 00:57:03]} {[%emt 00:00:20]} 25. a4 {[%clk 00:42:52]} {[%emt
00:01:24]} Be7 {[%clk 00:54:38]} {[%emt 00:02:55]} 26. Kf1 {[%clk 00:33:14]}
{[%emt 00:10:08]} Rd6 {[%clk 00:52:18]} {[%emt 00:02:50]} 27. Rc1 {[%clk
00:32:22]} {[%emt 00:01:21]} Re6 {[%clk 00:52:27]} {[%emt 00:00:21]} 28. Rc3
{[%clk 00:31:16]} {[%emt 00:01:36]} Bb4 {[%clk 00:50:14]} {[%emt 00:02:43]} 29.
Rc2 {[%clk 00:19:51]} {[%emt 00:11:55]} Be7 {[%clk 00:44:40]} {[%emt 00:06:05]}
30. Rc3 {[%clk 00:09:33]} {[%emt 00:10:48]} Bb4 {[%clk 00:45:03]} {[%emt
00:00:07]} 31. Rd3 {[%clk 00:09:48]} {[%emt 00:00:14]} Rd6 {[%clk 00:44:59]}
{[%emt 00:00:35]} 32. h4 {[%clk 00:06:56]} {[%emt 00:03:22]} h5 {[%clk
00:39:04]} {[%emt 00:06:25]} 33. Bd4 {[%clk 00:04:58]} {[%emt 00:02:28]} Rg6
{[%clk 00:30:16]} {[%emt 00:09:18]} 34. Bc5 {[%clk 00:04:15]} {[%emt 00:01:13]}
Ba5 {[%clk 00:27:31]} {[%emt 00:03:15]} 35. b4 {[%clk 00:01:40]} {[%emt
00:03:05]} Bb6 {[%clk 00:27:55]} {[%emt 00:00:05]} 36. Re3 {[%clk 00:01:57]}
{[%emt 00:00:13]} Qb8 {[%clk 00:21:31]} {[%emt 00:06:55]} 37. Bxb6 {[%clk
00:01:20]} {[%emt 00:01:07]} Qxb6 {[%clk 00:21:50]} {[%emt 00:00:11]} 38. Re8+
{[%clk 00:01:44]} {[%emt 00:00:05]} Kh7 {[%clk 00:22:18]} {[%emt 00:00:03]} 39.
Qxf7 {[%clk 00:02:06]} {[%emt 00:00:07]} 1-0

[Event "European Chess Club Cup 2023"]
[Site "Durres, Albania"]
[Date "2023.10.02"]
[Round "2.29"]
[White "Coenen, Norbert"]
[Black "Maze, Sebastien"]
[Result "0-1"]
[TimeControl "90' + 30' & 30\""]
[WhiteElo "2249"]
[BlackElo "2546"]

1. e4 {[%clk 01:30:55]} {[%emt 00:00:04]} c5 {[%clk 01:30:59]} {[%emt
00:00:03]} 2. Nf3 {[%clk 01:31:08]} {[%emt 00:00:17]} e6 {[%clk 01:31:26]}
{[%emt 00:00:03]} 3. d4 {[%clk 01:30:34]} {[%emt 00:01:03]} cxd4 {[%clk
01:31:51]} {[%emt 00:00:06]} 4. Nxd4 {[%clk 01:30:58]} {[%emt 00:00:05]} Nc6
{[%clk 01:32:17]} {[%emt 00:00:04]} 5. Nc3 {[%clk 01:31:20]} {[%emt 00:00:08]}
Qc7 {[%clk 01:32:44]} {[%emt 00:00:04]} 6. Be2 {[%clk 01:31:13]} {[%emt
00:00:36]} a6 {[%clk 01:33:07]} {[%emt 00:00:08]} 7. O-O {[%clk 01:31:24]}
{[%emt 00:00:18]} Nf6 {[%clk 01:33:34]} {[%emt 00:00:04]} 8. Be3 {[%clk
01:31:26]} {[%emt 00:00:26]} Be7 {[%clk 01:33:58]} {[%emt 00:00:08]} 9. f4
{[%clk 01:31:31]} {[%emt 00:00:24]} d6 {[%clk 01:34:25]} {[%emt 00:00:03]} 10.
Kh1 {[%clk 01:31:03]} {[%emt 00:00:57]} O-O {[%clk 01:34:46]} {[%emt 00:00:10]}
11. Qe1 {[%clk 01:31:05]} {[%emt 00:00:27]} Nxd4 {[%clk 01:35:07]} {[%emt
00:00:10]} 12. Bxd4 {[%clk 01:31:27]} {[%emt 00:00:09]} b5 {[%clk 01:35:34]}
{[%emt 00:00:03]} 13. a3 {[%clk 01:31:19]} {[%emt 00:00:37]} Bb7 {[%clk
01:36:00]} {[%emt 00:00:05]} 14. Qg3 {[%clk 01:31:36]} {[%emt 00:00:12]} Bc6
{[%clk 01:36:24]} {[%emt 00:00:07]} 15. Rae1 {[%clk 01:31:20]} {[%emt
00:00:45]} Rad8 {[%clk 01:36:43]} {[%emt 00:00:12]} 16. Bd3 {[%clk 01:28:05]}
{[%emt 00:03:44]} Qd7 {[%clk 01:36:14]} {[%emt 00:01:00]} 17. Re3 {[%clk
01:08:53]} {[%emt 00:19:41]} g6 {[%clk 01:31:04]} {[%emt 00:05:41]} 18. e5
{[%clk 00:39:11]} {[%emt 00:30:11]} dxe5 {[%clk 01:17:53]} {[%emt 00:13:41]} 19.
Bxe5 {[%clk 00:39:26]} {[%emt 00:00:15]} Nh5 {[%clk 01:14:53]} {[%emt
00:03:30]} 20. Qg4 {[%clk 00:39:42]} {[%emt 00:00:13]} f5 {[%clk 00:57:18]}
{[%emt 00:18:06]} 21. Qd1 {[%clk 00:34:39]} {[%emt 00:05:32]} Nf6 {[%clk
00:54:20]} {[%emt 00:03:30]} 22. h3 {[%clk 00:33:25]} {[%emt 00:01:43]} Qb7
{[%clk 00:54:40]} {[%emt 00:00:10]} 23. Re2 {[%clk 00:33:04]} {[%emt 00:00:51]}
Nd7 {[%clk 00:53:03]} {[%emt 00:02:07]} 24. Qe1 {[%clk 00:25:16]} {[%emt
00:08:17]} Nxe5 {[%clk 00:51:17]} {[%emt 00:02:17]} 25. fxe5 {[%clk 00:24:34]}
{[%emt 00:01:12]} Rd4 {[%clk 00:50:25]} {[%emt 00:01:22]} 26. Kh2 {[%clk
00:23:41]} {[%emt 00:01:23]} Bh4 {[%clk 00:50:00]} {[%emt 00:00:55]} 27. g3
{[%clk 00:21:44]} {[%emt 00:02:27]} Bg5 {[%clk 00:47:38]} {[%emt 00:02:52]} 28.
Qf2 {[%clk 00:20:24]} {[%emt 00:01:50]} Rfd8 {[%clk 00:47:07]} {[%emt
00:01:02]} 29. Ree1 {[%clk 00:19:25]} {[%emt 00:01:29]} f4 {[%clk 00:42:43]}
{[%emt 00:04:53]} 30. Rd1 {[%clk 00:16:34]} {[%emt 00:03:21]} Qc7 {[%clk
00:29:14]} {[%emt 00:13:59]} 31. Qe1 {[%clk 00:05:10]} {[%emt 00:11:54]} Bb7
{[%clk 00:21:10]} {[%emt 00:08:34]} 32. Qe2 {[%clk 00:03:12]} {[%emt 00:02:28]}
Rf8 {[%clk 00:19:10]} {[%emt 00:02:31]} 33. Bf5 {[%clk 00:01:27]} {[%emt
00:02:15]} fxg3+ {[%clk 00:18:59]} {[%emt 00:00:41]} 34. Kxg3 {[%clk 00:01:41]}
{[%emt 00:00:16]} Rxd1 {[%clk 00:10:07]} {[%emt 00:09:22]} 35. Bxe6+ {[%clk
00:01:55]} {[%emt 00:00:16]} Kg7 {[%clk 00:10:34]} {[%emt 00:00:03]} 36. Rxd1
{[%clk 00:02:08]} {[%emt 00:00:17]} Bf4+ {[%clk 00:10:58]} {[%emt 00:00:05]} 37.
Kf2 {[%clk 00:01:38]} {[%emt 00:00:59]} Qb6+ {[%clk 00:11:23]} {[%emt
00:00:07]} 0-1

[Event "European Chess Club Cup 2023"]
[Site "Durres, Albania"]
[Date "2023.10.02"]
[Round "2.30"]
[White "Libiszewski, Fabien"]
[Black "Meessen, Rudolf"]
[Result "1-0"]
[TimeControl "90' + 30' & 30\""]
[WhiteElo "2496"]
[BlackElo "2170"]

1. e4 {[%clk 01:30:59]} e5 {[%clk 01:30:19]} {[%emt 00:00:41]} 2. Nf3 {[%clk
01:31:07]} {[%emt 00:00:22]} d6 {[%clk 01:30:35]} {[%emt 00:00:14]} 3. d4
{[%clk 01:31:02]} {[%emt 00:00:35]} exd4 {[%clk 01:31:00]} {[%emt 00:00:05]} 4.
Nxd4 {[%clk 01:31:27]} {[%emt 00:00:05]} Nf6 {[%clk 01:31:26]} {[%emt
00:00:04]} 5. Nc3 {[%clk 01:31:42]} {[%emt 00:00:15]} Be7 {[%clk 01:31:49]}
{[%emt 00:00:07]} 6. Bf4 {[%clk 01:31:41]} {[%emt 00:00:31]} O-O {[%clk
01:32:14]} {[%emt 00:00:06]} 7. Be2 {[%clk 01:31:52]} {[%emt 00:00:19]} Re8
{[%clk 01:28:53]} {[%emt 00:03:50]} 8. Qd2 {[%clk 01:31:50]} {[%emt 00:00:32]}
Nc6 {[%clk 01:28:49]} {[%emt 00:00:34]} 9. O-O-O {[%clk 01:31:24]} {[%emt
00:00:56]} Nxd4 {[%clk 01:29:14]} {[%emt 00:00:06]} 10. Qxd4 {[%clk 01:31:50]}
{[%emt 00:00:04]} a6 {[%clk 01:27:28]} {[%emt 00:02:16]} 11. e5 {[%clk
01:28:01]} {[%emt 00:04:18]} dxe5 {[%clk 01:27:07]} {[%emt 00:00:51]} 12. Qxe5
{[%clk 01:28:10]} {[%emt 00:00:21]} Bd6 {[%clk 01:27:27]} {[%emt 00:00:11]} 13.
Qd4 {[%clk 01:28:09]} {[%emt 00:00:31]} Bxf4+ {[%clk 01:26:53]} {[%emt
00:01:04]} 14. Qxf4 {[%clk 01:28:33]} {[%emt 00:00:05]} Qe7 {[%clk 01:26:56]}
{[%emt 00:00:26]} 15. Bf3 {[%clk 01:25:19]} {[%emt 00:03:45]} c6 {[%clk
01:26:41]} {[%emt 00:00:45]} 16. g4 {[%clk 01:17:37]} {[%emt 00:08:12]} Qe5
{[%clk 01:26:33]} {[%emt 00:00:37]} 17. Qxe5 {[%clk 01:06:52]} {[%emt
00:11:16]} Rxe5 {[%clk 01:26:52]} {[%emt 00:00:11]} 18. Rd8+ {[%clk 01:06:18]}
{[%emt 00:01:03]} Re8 {[%clk 01:26:49]} {[%emt 00:00:34]} 19. Rxe8+ {[%clk
01:06:25]} {[%emt 00:00:23]} Nxe8 {[%clk 01:27:17]} {[%emt 00:00:02]} 20. Na4
{[%clk 01:02:46]} {[%emt 00:04:10]} Rb8 {[%clk 01:20:26]} {[%emt 00:07:21]} 21.
Re1 {[%clk 00:48:11]} {[%emt 00:15:04]} Kf8 {[%clk 01:06:06]} {[%emt 00:14:50]}
22. Nb6 {[%clk 00:44:46]} {[%emt 00:03:55]} Nc7 {[%clk 01:04:25]} {[%emt
00:02:10]} 23. c4 {[%clk 00:40:45]} {[%emt 00:04:32]} f5 {[%clk 00:47:22]}
{[%emt 00:17:34]} 24. Nxc8 {[%clk 00:30:09]} {[%emt 00:11:05]} Rxc8 {[%clk
00:47:39]} {[%emt 00:00:12]} 25. gxf5 {[%clk 00:30:34]} {[%emt 00:00:06]} Rd8
{[%clk 00:47:03]} {[%emt 00:01:05]} 26. Kc2 {[%clk 00:29:18]} {[%emt 00:01:46]}
Kf7 {[%clk 00:45:00]} {[%emt 00:02:34]} 27. Re4 {[%clk 00:23:15]} {[%emt
00:06:33]} Kf6 {[%clk 00:37:24]} {[%emt 00:08:06]} 28. Rh4 {[%clk 00:21:55]}
{[%emt 00:01:51]} Rh8 {[%clk 00:36:20]} {[%emt 00:01:33]} 29. Be4 {[%clk
00:17:16]} {[%emt 00:05:09]} Kg5 {[%clk 00:26:50]} {[%emt 00:10:01]} 30. Rh3
{[%clk 00:17:40]} {[%emt 00:00:06]} Kf4 {[%clk 00:27:11]} {[%emt 00:00:08]} 31.
Rh4+ {[%clk 00:15:50]} {[%emt 00:02:20]} Kg5 {[%clk 00:25:27]} {[%emt
00:02:15]} 32. Rh3 {[%clk 00:16:17]} {[%emt 00:00:03]} Kf4 {[%clk 00:25:53]}
{[%emt 00:00:04]} 33. Bd3 {[%clk 00:16:43]} {[%emt 00:00:04]} Ke5 {[%clk
00:22:06]} {[%emt 00:04:17]} 34. Kc3 {[%clk 00:11:46]} {[%emt 00:05:27]} Kf6
{[%clk 00:15:48]} {[%emt 00:06:47]} 35. Be4 {[%clk 00:10:28]} {[%emt 00:01:48]}
Ke5 {[%clk 00:14:45]} {[%emt 00:01:33]} 36. Bc2 {[%clk 00:08:53]} {[%emt
00:02:05]} Ne8 {[%clk 00:13:04]} {[%emt 00:02:12]} 37. Re3+ {[%clk 00:08:11]}
{[%emt 00:01:12]} Kf6 {[%clk 00:11:19]} {[%emt 00:02:15]} 38. Kd4 {[%clk
00:06:58]} {[%emt 00:01:43]} Nc7 {[%clk 00:08:57]} {[%emt 00:02:51]} 39. Kc5
{[%clk 00:07:15]} {[%emt 00:00:14]} Rd8 {[%clk 00:08:59]} {[%emt 00:00:28]} 40.
Kb6 {[%clk 00:04:28]} {[%emt 00:03:17]} Rd7 {[%clk 00:04:11]} {[%emt 00:05:18]}
41. Kxb7 {[%clk 00:26:51]} {[%emt 00:08:06]} Nd5+ {[%clk 00:28:45]} {[%emt
00:05:56]} 42. Kxc6 {[%clk 00:27:06]} {[%emt 00:00:15]} Nxe3 {[%clk 00:29:11]}
{[%emt 00:00:04]} 43. Kxd7 {[%clk 00:27:21]} {[%emt 00:00:15]} Nxc4 {[%clk
00:16:03]} {[%emt 00:13:38]} 44. b4 {[%clk 00:26:19]} {[%emt 00:01:32]} h5
{[%clk 00:15:48]} {[%emt 00:00:45]} 45. h4 {[%clk 00:22:51]} {[%emt 00:03:58]}
Ne5+ {[%clk 00:12:39]} {[%emt 00:03:39]} 46. Kc7 {[%clk 00:21:22]} {[%emt
00:01:59]} Nf3 {[%clk 00:13:04]} {[%emt 00:00:06]} 47. a4 {[%clk 00:19:09]}
{[%emt 00:02:42]} Nd4 {[%clk 00:05:11]} {[%emt 00:08:24]} 48. Bd3 {[%clk
00:18:44]} {[%emt 00:00:55]} Nxf5 {[%clk 00:02:12]} {[%emt 00:03:29]} 49. Bxf5
{[%clk 00:17:09]} {[%emt 00:02:05]} Kxf5 {[%clk 00:02:36]} {[%emt 00:00:06]} 50.
b5 {[%clk 00:17:31]} {[%emt 00:00:08]} axb5 {[%clk 00:03:02]} {[%emt 00:00:03]}
51. axb5 {[%clk 00:17:58]} {[%emt 00:00:03]} g5 {[%clk 00:03:28]} {[%emt
00:00:05]} 52. b6 {[%clk 00:18:20]} {[%emt 00:00:07]} gxh4 {[%clk 00:03:53]}
{[%emt 00:00:06]} 53. b7 {[%clk 00:18:43]} {[%emt 00:00:06]} h3 {[%clk
00:04:21]} {[%emt 00:00:02]} 54. b8=Q {[%clk 00:19:07]} {[%emt 00:00:06]} h2
{[%clk 00:04:50]} {[%emt 00:00:01]} 1-0

[Event "European Chess Club Cup 2023"]
[Site "Durres, Albania"]
[Date "2023.10.02"]
[Round "2.31"]
[White "Donchenko, Alexander"]
[Black "Ten Hertog, Hugo"]
[Result "1/2-1/2"]
[TimeControl "90' + 30' & 30\""]
[WhiteElo "2676"]
[BlackElo "2525"]

1. c4 {[%clk 01:30:57]} {[%emt 00:00:01]} e6 {[%clk 01:30:56]} {[%emt
00:00:05]} 2. Nc3 {[%clk 01:30:51]} {[%emt 00:00:36]} d5 {[%clk 01:29:18]}
{[%emt 00:02:08]} 3. d4 {[%clk 01:31:10]} {[%emt 00:00:11]} c6 {[%clk
01:29:45]} {[%emt 00:00:03]} 4. e4 {[%clk 01:31:13]} {[%emt 00:00:27]} dxe4
{[%clk 01:28:41]} {[%emt 00:01:34]} 5. Nxe4 {[%clk 01:31:36]} {[%emt 00:00:07]}
Bb4+ {[%clk 01:27:34]} {[%emt 00:01:38]} 6. Bd2 {[%clk 01:31:58]} {[%emt
00:00:08]} Qxd4 {[%clk 01:27:55]} {[%emt 00:00:09]} 7. Bxb4 {[%clk 01:32:22]}
{[%emt 00:00:06]} Qxe4+ {[%clk 01:28:21]} {[%emt 00:00:04]} 8. Be2 {[%clk
01:32:41]} {[%emt 00:00:10]} Na6 {[%clk 01:28:42]} {[%emt 00:00:10]} 9. Bd6
{[%clk 01:32:44]} {[%emt 00:00:27]} Qxg2 {[%clk 01:28:34]} {[%emt 00:00:38]} 10.
Qd2 {[%clk 01:32:57]} {[%emt 00:00:16]} e5 {[%clk 01:28:11]} {[%emt 00:00:53]}
11. O-O-O {[%clk 00:52:41]} {[%emt 00:40:46]} Bf5 {[%clk 01:26:12]} {[%emt
00:02:28]} 12. Bxe5 {[%clk 00:40:56]} {[%emt 00:12:15]} Qe4 {[%clk 01:24:29]}
{[%emt 00:02:12]} 13. Bd3 {[%clk 00:40:13]} {[%emt 00:01:13]} Qxd3 {[%clk
01:24:52]} {[%emt 00:00:06]} 14. Qxd3 {[%clk 00:40:38]} {[%emt 00:00:06]} Bxd3
{[%clk 01:25:18]} {[%emt 00:00:05]} 15. Bxg7 {[%clk 00:40:48]} {[%emt
00:00:19]} Nb4 {[%clk 01:25:43]} {[%emt 00:00:04]} 16. Bxh8 {[%clk 00:27:50]}
{[%emt 00:13:29]} Nxa2+ {[%clk 00:42:39]} {[%emt 00:43:34]} 17. Kd2 {[%clk
00:28:18]} {[%emt 00:00:02]} Bxc4 {[%clk 00:42:57]} {[%emt 00:00:12]} 18. Nh3
{[%clk 00:26:55]} {[%emt 00:01:53]} Ne7 {[%clk 00:30:18]} {[%emt 00:13:10]} 19.
Kc2 {[%clk 00:23:45]} {[%emt 00:03:40]} Nd5 {[%clk 00:26:32]} {[%emt 00:04:16]}
20. Rd4 {[%clk 00:16:13]} {[%emt 00:08:02]} Nab4+ {[%clk 00:21:52]} {[%emt
00:05:09]} 21. Kd2 {[%clk 00:15:19]} {[%emt 00:01:24]} b5 {[%clk 00:21:44]}
{[%emt 00:00:38]} 22. Re1+ {[%clk 00:14:28]} {[%emt 00:01:22]} Kd7 {[%clk
00:20:38]} {[%emt 00:01:36]} 23. Be5 {[%clk 00:13:56]} {[%emt 00:01:02]} c5
{[%clk 00:19:03]} {[%emt 00:02:05]} 24. Rh4 {[%clk 00:12:33]} {[%emt 00:01:54]}
Rd8 {[%clk 00:12:22]} {[%emt 00:07:11]} 25. Ng5 {[%clk 00:11:44]} {[%emt
00:01:18]} Ne7 {[%clk 00:11:31]} {[%emt 00:01:21]} 26. Rxc4 {[%clk 00:07:51]}
{[%emt 00:04:23]} bxc4 {[%clk 00:11:48]} {[%emt 00:00:13]} 27. Bd6 {[%clk
00:06:32]} {[%emt 00:01:49]} Nf5 {[%clk 00:05:53]} {[%emt 00:06:24]} 28. Nxf7
{[%clk 00:06:42]} {[%emt 00:00:21]} Nxd6 {[%clk 00:06:19]} {[%emt 00:00:04]} 29.
Nxd8 {[%clk 00:07:07]} {[%emt 00:00:05]} Kxd8 {[%clk 00:06:47]} {[%emt
00:00:02]} 30. Re6 {[%clk 00:06:40]} {[%emt 00:00:57]} Nb5 {[%clk 00:03:09]}
{[%emt 00:04:08]} 31. Re4 {[%clk 00:05:05]} {[%emt 00:02:05]} Nd4 {[%clk
00:02:16]} {[%emt 00:01:23]} 32. Kc3 {[%clk 00:05:33]} {[%emt 00:00:03]} Nb5+
{[%clk 00:02:38]} {[%emt 00:00:08]} 33. Kd2 {[%clk 00:06:01]} {[%emt 00:00:02]}
Nd6 {[%clk 00:01:26]} {[%emt 00:01:42]} 34. Re6 {[%clk 00:06:15]} {[%emt
00:00:16]} Nb5 {[%clk 00:00:38]} {[%emt 00:01:17]} 1/2-1/2

[Event "European Chess Club Cup 2023"]
[Site "Durres, Albania"]
[Date "2023.10.02"]
[Round "2.32"]
[White "Lombaers, Peter"]
[Black "Vallejo Pons, Francisco"]
[Result "1/2-1/2"]
[TimeControl "90' + 30' & 30\""]
[WhiteElo "2359"]
[BlackElo "2680"]

1. d4 {[%clk 01:30:58]} {[%emt 00:00:02]} d5 {[%clk 01:30:35]} {[%emt
00:00:24]} 2. c4 {[%clk 01:31:23]} {[%emt 00:00:05]} e6 {[%clk 01:31:01]}
{[%emt 00:00:05]} 3. Nf3 {[%clk 01:31:50]} {[%emt 00:00:04]} a6 {[%clk
01:30:24]} {[%emt 00:01:06]} 4. Bg5 {[%clk 01:32:00]} {[%emt 00:00:21]} Nf6
{[%clk 01:30:26]} {[%emt 00:00:27]} 5. e3 {[%clk 01:31:22]} {[%emt 00:01:08]}
Be7 {[%clk 01:30:22]} {[%emt 00:00:34]} 6. Nc3 {[%clk 01:30:24]} {[%emt
00:01:28]} O-O {[%clk 01:29:54]} {[%emt 00:00:58]} 7. Qc2 {[%clk 01:27:42]}
{[%emt 00:03:12]} h6 {[%clk 01:27:30]} {[%emt 00:02:55]} 8. Bh4 {[%clk
01:26:57]} {[%emt 00:01:15]} Nbd7 {[%clk 01:26:40]} {[%emt 00:01:19]} 9. cxd5
{[%clk 01:23:19]} {[%emt 00:04:09]} exd5 {[%clk 01:26:47]} {[%emt 00:00:23]} 10.
Bd3 {[%clk 01:22:43]} {[%emt 00:01:05]} c6 {[%clk 01:25:52]} {[%emt 00:01:25]}
11. O-O {[%clk 01:22:27]} {[%emt 00:00:47]} Re8 {[%clk 01:26:09]} {[%emt
00:00:12]} 12. Bg3 {[%clk 01:17:48]} {[%emt 00:05:09]} Nf8 {[%clk 01:19:37]}
{[%emt 00:07:02]} 13. h3 {[%clk 01:17:15]} {[%emt 00:01:04]} Bd6 {[%clk
01:13:25]} {[%emt 00:06:42]} 14. Be5 {[%clk 01:08:03]} {[%emt 00:09:43]} Bxe5
{[%clk 01:10:10]} {[%emt 00:03:45]} 15. Nxe5 {[%clk 01:08:23]} {[%emt
00:00:10]} c5 {[%clk 01:09:12]} {[%emt 00:01:28]} 16. f4 {[%clk 00:58:11]}
{[%emt 00:10:42]} c4 {[%clk 00:59:37]} {[%emt 00:10:05]} 17. Be2 {[%clk
00:57:35]} {[%emt 00:01:06]} b5 {[%clk 00:59:52]} {[%emt 00:00:15]} 18. Bf3
{[%clk 00:55:27]} {[%emt 00:02:39]} Bb7 {[%clk 00:57:31]} {[%emt 00:02:50]} 19.
b4 {[%clk 00:42:32]} {[%emt 00:13:26]} Qe7 {[%clk 00:40:27]} {[%emt 00:17:34]}
20. Qb2 {[%clk 00:34:25]} {[%emt 00:08:37]} Ne6 {[%clk 00:39:34]} {[%emt
00:01:22]} 21. a4 {[%clk 00:33:15]} {[%emt 00:01:40]} Nc7 {[%clk 00:38:56]}
{[%emt 00:01:08]} 22. Rae1 {[%clk 00:29:48]} {[%emt 00:03:58]} Rab8 {[%clk
00:29:52]} {[%emt 00:09:34]} 23. a5 {[%clk 00:27:14]} {[%emt 00:03:04]} Rbd8
{[%clk 00:25:54]} {[%emt 00:04:29]} 24. g4 {[%clk 00:24:32]} {[%emt 00:03:12]}
Ne4 {[%clk 00:19:44]} {[%emt 00:06:40]} 25. Bxe4 {[%clk 00:14:21]} {[%emt
00:10:41]} dxe4 {[%clk 00:20:10]} {[%emt 00:00:03]} 26. Kh1 {[%clk 00:14:42]}
{[%emt 00:00:11]} Nd5 {[%clk 00:13:43]} {[%emt 00:06:56]} 27. Nxd5 {[%clk
00:14:29]} {[%emt 00:00:43]} Rxd5 {[%clk 00:14:10]} {[%emt 00:00:03]} 28. Qc3
{[%clk 00:13:41]} {[%emt 00:01:18]} Red8 {[%clk 00:09:37]} {[%emt 00:05:02]} 29.
Rg1 {[%clk 00:10:53]} {[%emt 00:03:19]} R8d6 {[%clk 00:05:47]} {[%emt
00:04:20]} 30. Ref1 {[%clk 00:09:18]} {[%emt 00:02:05]} Kf8 {[%clk 00:05:29]}
{[%emt 00:00:49]} 31. Qe1 {[%clk 00:05:32]} {[%emt 00:04:15]} Ke8 {[%clk
00:05:14]} {[%emt 00:00:45]} 32. g5 {[%clk 00:05:20]} {[%emt 00:00:42]} hxg5
{[%clk 00:02:01]} {[%emt 00:03:42]} 33. fxg5 {[%clk 00:05:15]} {[%emt
00:00:35]} Rxe5 {[%clk 00:02:15]} {[%emt 00:00:17]} 34. dxe5 {[%clk 00:05:37]}
{[%emt 00:00:08]} Qxe5 {[%clk 00:02:37]} {[%emt 00:00:07]} 35. Qh4 {[%clk
00:04:54]} {[%emt 00:01:13]} Bd5 {[%clk 00:00:50]} {[%emt 00:02:17]} 36. g6
{[%clk 00:03:21]} {[%emt 00:02:04]} f5 {[%clk 00:01:06]} {[%emt 00:00:14]} 37.
Rd1 {[%clk 00:02:06]} {[%emt 00:01:46]} Kd7 {[%clk 00:00:44]} {[%emt 00:00:51]}
38. Rd4 {[%clk 00:01:56]} {[%emt 00:00:39]} c3 {[%clk 00:00:54]} {[%emt
00:00:21]} 39. Rc1 {[%clk 00:01:04]} {[%emt 00:01:22]} Bc4 {[%clk 00:00:39]}
{[%emt 00:00:45]} 40. Rxd6+ {[%clk 00:00:43]} {[%emt 00:00:51]} Qxd6 {[%clk
00:00:51]} {[%emt 00:00:17]} 41. Qe1 {[%clk 00:28:33]} {[%emt 00:02:40]} Qxb4
{[%clk 00:19:20]} {[%emt 00:12:01]} 42. Rxc3 {[%clk 00:28:42]} {[%emt
00:00:21]} Ke6 {[%clk 00:17:55]} {[%emt 00:01:55]} 43. Qa1 {[%clk 00:27:52]}
{[%emt 00:01:20]} Qd6 {[%clk 00:14:51]} {[%emt 00:03:33]} 44. Rxc4 {[%clk
00:20:51]} {[%emt 00:07:31]} bxc4 {[%clk 00:15:01]} {[%emt 00:00:20]} 45. Qxg7
{[%clk 00:21:17]} {[%emt 00:00:05]} Qd1+ {[%clk 00:14:25]} {[%emt 00:01:05]} 46.
Kh2 {[%clk 00:21:21]} {[%emt 00:00:26]} Qd2+ {[%clk 00:14:03]} {[%emt
00:00:53]} 47. Kh1 {[%clk 00:21:20]} {[%emt 00:00:31]} Qe1+ {[%clk 00:04:43]}
{[%emt 00:09:49]} 48. Kh2 {[%clk 00:21:25]} {[%emt 00:00:26]} Qf2+ {[%clk
00:04:03]} {[%emt 00:01:09]} 49. Kh1 {[%clk 00:21:51]} {[%emt 00:00:05]} Qf1+
{[%clk 00:04:29]} {[%emt 00:00:03]} 50. Kh2 {[%clk 00:22:19]} {[%emt 00:00:02]}
Qf2+ {[%clk 00:04:56]} {[%emt 00:00:03]} 51. Kh1 {[%clk 00:22:46]} {[%emt
00:00:03]} Qf1+ {[%clk 00:04:52]} {[%emt 00:00:02]} 1/2-1/2